Southville International School and Colleges
Your cart is empty.
  • Cart
  • Lists
    Public lists Eva Luna New books Lux_list list_1
    Your lists Log in to create your own lists
  • Log in to your account
  • Your cookies
  • Search history
Southville International School and Colleges
  • Advanced search
  • Recent comments
  • Most popular
  • Libraries

Log in to your account

Log in with GOOGLE


If you do not have an external account, but do have a local account, you can still log in:

  1. Home
  2. MARC view: Spice cake / :
Normal view MARC view ISBD view

Spice cake / : (Record no. 105362)

[ view plain ]
MARC details
000 -LEADER
fixed length control field 00643nam a2200205 a 4500
005 - DATE AND TIME OF LATEST TRANSACTION
control field 20140412111353.0
008 - FIXED-LENGTH DATA ELEMENTS--GENERAL INFORMATION
fixed length control field 050425s19uu xx 00 eng d
020 ## - INTERNATIONAL STANDARD BOOK NUMBER
International Standard Book Number 0-02-660871-5
050 ## - LIBRARY OF CONGRESS CALL NUMBER
Classification number TR(GS 372.4
Item number Z1 2000
100 ## - MAIN ENTRY--PERSONAL NAME
Personal name Zaga, Diane
245 ## - TITLE STATEMENT
Title Spice cake / :
Statement of responsibility, etc by Diane Zaga ; illustrated by Deborah Colvin Borgo.
Remainder of title decodable book /
260 ## - PUBLICATION, DISTRIBUTION, ETC. (IMPRINT)
Place of publication, distribution, etc Columbus, Ohio :
Name of publisher, distributor, etc SRA/McGraw-Hill,
Date of publication, distribution, etc 2000.
300 ## - PHYSICAL DESCRIPTION
Extent 8 p. ; ill.
440 ## - SERIES STATEMENT/ADDED ENTRY--TITLE
Title SRA Open Court Reading
500 ## - GENERAL NOTE
General note Level B, Set 1, Book 42
650 ## - SUBJECT ADDED ENTRY--TOPICAL TERM
Topical term or geographic name as entry element Reading
General subdivision Phonetics
-- Juvenile literature
650 ## - SUBJECT ADDED ENTRY--TOPICAL TERM
Topical term or geographic name as entry element Bake
General subdivision Fiction
650 ## - SUBJECT ADDED ENTRY--TOPICAL TERM
Topical term or geographic name as entry element Children stories
Holdings
Withdrawn status Lost status Damaged status Home library Current library Shelving location Date acquired Source of acquisition Total Checkouts Full call number Barcode Date last seen Price effective from Koha item type
      Elizalde Library Elizalde Library Teachers Reference Section 04/25/2005     TR(GS 372.4 Z1 2000 E9929 04/12/2014 04/12/2014 Books

Spice cake / :

APA

Zaga D., . (2000). Spice cake. Columbus, Ohio: SRA/McGraw-Hill.

Chicago

Zaga Diane, . 2000. Spice cake. Columbus, Ohio: SRA/McGraw-Hill.

Harvard

Zaga D., . (2000). Spice cake. Columbus, Ohio: SRA/McGraw-Hill.

MLA

Zaga Diane, . Spice cake. Columbus, Ohio: SRA/McGraw-Hill. 2000.

  • Place hold
  • Print
  • Cite
  • Add to your cart (remove)
  • Save record
    BIBTEX Dublin Core MARCXML MARC (non-Unicode/MARC-8) MARC (Unicode/UTF-8) MARC (Unicode/UTF-8, Standard) MODS (XML) RIS
  • More searches
    Search for this title in:
    Other Libraries (WorldCat) Other Databases (Google Scholar) Online Stores (Bookfinder.com) Open Library (openlibrary.org)

Exporting to Dublin Core...

SOUTHVILLE LIBRARY

Southville International School and Colleges Library

1281 Tropical Ave. Cor. Luxembourg St., BF Homes International, Las Pinas City

Tel. No. 8256374 / 252358 Loc. 117/146

Powered by Koha